Uses of tropical deciduous forest species by the Yucatecan Maya (Registro nro. 10793)

Detalles MARC
000 -CABECERA
Campo de control 006300000a22002050004500
090 ## - CLASIFICACIÓN LOCAL
Colección AR
Consecutivo 01714
041 0# - IDIOMA
Código de idioma para texto/pista de sonido o título separado
100 1# - ASIENTO PRINCIPAL--NOMBRE PERSONAL
Nombre personal Rico Gray, Victor
245 10 - MENCION DE TITULO
Título Uses of tropical deciduous forest species by the Yucatecan Maya
650 14 - ASIENTO SECUNDARIO DE MATERIA - TERMINO TEMATICO
Término temático o nombre geográfico como elemento de entrada Conocimiento tradicional
650 14 - ASIENTO SECUNDARIO DE MATERIA - TERMINO TEMATICO
Término temático o nombre geográfico como elemento de entrada Usos tradicionales
650 14 - ASIENTO SECUNDARIO DE MATERIA - TERMINO TEMATICO
Término temático o nombre geográfico como elemento de entrada Medicina tradicional
650 14 - ASIENTO SECUNDARIO DE MATERIA - TERMINO TEMATICO
Término temático o nombre geográfico como elemento de entrada Arboles
650 14 - ASIENTO SECUNDARIO DE MATERIA - TERMINO TEMATICO
Término temático o nombre geográfico como elemento de entrada Arbustos
651 #4 - ASIENTO SECUNDARIO DE MATERIA - NOMBRE GEOGRAFICO
--
-- Yucatán
-- México
700 1# - ASIENTO SECUNDARIO - NOMBRE PERSONAL
Nombre personal Mandujano, Salvador
700 1# - ASIENTO SECUNDARIO - NOMBRE PERSONAL
Nombre personal Chemás, A.
773 1# - Item fuente:
Título Agroforestry Systems
Especificación de materiales 585
Descripción física 14
Paginas del Articulo 149-161
Lugar, editorial y fecha de publicación 1991
942 ## - ELEMENTOS ADICIONALES (KOHA)
Tipo de ítem Artículo
Existencias
Withdrawn status Lost status Damaged status No para préstamo Colección Ubicación Permanente Ubicación actual Fecha de adquisición Fuente de Valor Datos de publicación Seriada Total Checkouts Número topográfico Inventario / Código de Barras Date last seen Ejemplar Price effective from Forma de adquisición Tipo de material
      No para Préstamo Hemeroteca Bogotá Bogotá 27/02/2015 Muñoz Saba, Yaneth Fuera de circulación   AR 01714 012081 25/03/2015 1 25/03/2015   Artículo